00685nam a2200229Ia 450000100060000000300090000600800410001504000130005604000130006904100130008210000190009510000280011424500470014224500610018925000110025026000090026126000110027026000490028130000590033065000350038965000310042415066IT-RoPAU130308s9999 xx 000 0 und d aIT-RoPAU cIT-RoPAU aITALIANO aSwallow Norman gCodice Aut. SPICS: 914 aDocumentario giornalistico televisivo (Il) bSpettacolo Televisivo (Lo)-Antologia di scritti Sulla Tv a1a ed. aROMA bAteneo c1957 [1° Ed.:1957 - Ed.Ling.Originale:1957] a"13 p. (prefazione: no ; testo: 13 [pagine: 155-167])" aENCICLOPEDIE DELLA TELEVISIONE eCodice materia Spics: 6951